Elogio di Giuseppe Jacopi detto nella grand'aula della università di Bologna pel rinnovamento degli studi in novembre 1813

Gespeichert in:
Bibliographische Detailangaben
1. Verfasser: Azzoguidi, Germano.
Format: Buch
Sprache:Italienisch
Erschienen: Bologna Lucchesini 1814
Katalog:EDISCO:  Suchergebnis im Bibliothekskatalog
Schulbuchspezifische Eigenschaften:
Tags: Tag hinzufügen
Keine Tags, Fügen Sie den ersten Tag hinzu!
Hinzugefügt zu:30.04.2016
Geändert in:18.10.2017

MARC

LEADER 00000aam a22000007 4500
001 03360
003 OSt
005 20171018093801.0
008 160501s1814 it 000 0 ita
040 |c Gianfranco Bandini - Firenze - CLIO 
041 1 |a ita 
100 1 |a Azzoguidi, Germano. 
245 0 0 |a Elogio di Giuseppe Jacopi detto nella grand'aula della università di Bologna pel rinnovamento degli studi in novembre 1813 
260 |a Bologna  |b Lucchesini  |c 1814 
300 |a 33, 1/x ;  
901 |a 7 
942 |2 ddc  |c BK 
546 |a ita 
999 |c 3349  |d 3349 
999 |c edisco:3349  |d 3349